[Event "Titled Tuesday intern op 23rd May Early"]
[Site "Chess.com INT"]
[Date "2023.05.23"]
[Round "8"]
[White "Napoli, Nicolo"]
[Black "Winkels, Marcel"]
[Result "0-1"]
[WhiteElo "2231"]
[BlackElo "1960"]
[PlyCount "98"]
[EventDate "2023.05.23"]
[EventType "swiss (blitz)"]
[EventRounds "11"]
[EventCountry "USA"]
[SourceTitle "CBM 214 Extra"]
[Source "ChessBase"]
[SourceDate "2023.07.31"]
[SourceVersion "1"]
[SourceVersionDate "2023.07.31"]
[SourceQuality "1"]

1. e4 c5 2. Nf3 d6 3. c3 Bg4 4. Be2 Nc6 5. 0-0 Nf6 6. d3 g6 7. Ng5 Bxe2 8. Qxe2 Bg7 9. f4 0-0 10. Na3 a6 11. Nc2 b5 12. d4 cxd4 13. cxd4 Rc8 14. d5 Na5 15. Nb4 Nc4 16. Nc6 Qd7 17. Rb1 e6 18. Nb4 exd5 19. Nxd5 Nxd5 20. exd5 Rfe8 21. Qf2 Nb6 22. Rd1 Qb7 23. Qf3 h6 24. Ne4 Qc7 25. b3 Nd7 26. Bb2 Nc5 27. Nxc5 Qxc5+ 28. Qf2 Qxf2+ 29. Kxf2 Rc2+ 30. Kf3 Rxb2 31. Rbc1 Rxa2 32. Rc6 Ree2 33. Rxd6 Rf2+ 34. Ke3 Rae2+ 35. Kd3 Rxg2 36. Rc1 Rd2+ 37. Ke3 Bd4+ 38. Kf3 Rgf2+ 39. Kg4 Bg7 40. Rd8+ Kh7 41. Rc7 Rg2+ 42. Kf3 Rgf2+ 43. Ke3 Rfe2+ 44. Kf3 Rf2+ 45. Ke3 Rxh2 46. Rxf7 Rde2+ 47. Kf3 Rb2 48. Rdd7 Rxb3+ 49. Ke4 Re2# 0-1

[Event "Titled Tuesday intern op 02nd May Early"]
[Site "Chess.com INT"]
[Date "2023.05.02"]
[Round "7"]
[White "Napoli, Nicolo"]
[Black "Devaev, Alexander"]
[Result "0-1"]
[WhiteElo "2231"]
[BlackElo "2325"]
[PlyCount "116"]
[EventDate "2023.05.02"]
[EventType "swiss (blitz)"]
[EventRounds "11"]
[EventCountry "USA"]
[SourceTitle "EXT 2024"]
[Source "ChessBase"]
[SourceDate "2023.10.10"]
[SourceVersion "1"]
[SourceVersionDate "2023.10.10"]
[SourceQuality "1"]

1. e4 c6 2. d4 d5 3. Nc3 dxe4 4. Nxe4 Bf5 5. Ng3 Bg6 6. h4 h6 7. Nh3 e6 8. Nf4 Bh7 9. Bc4 Nf6 10. c3 Bd6 11. Ngh5 Bxf4 12. Bxf4 Nxh5 13. Qxh5 Bg6 14. Qg4 h5 15. Qg3 Qb6 16. Bxb8 Qxb2 17. 0-0 0-0 18. Be5 b5 19. Bxe6 Kh7 20. Bf5 Rae8 21. Qg5 Bxf5 22. Qxh5+ Kg8 23. Qxf5 f6 24. Bd6 Rf7 25. Qg6 Qxc3 26. Bc5 a5 27. Rac1 Qd2 28. Bb6 Re6 29. Qf5 Rfe7 30. Qf3 Qxa2 31. Rxc6 b4 32. Rxe6 Rxe6 33. Qa8+ Kh7 34. d5 Rxb6 35. Qe8 Qxd5 36. h5 Qg5 37. Re1 Rb5 38. Re7 Qc1+ 39. Kh2 Qg5 40. h6 Qxh6+ 41. Kg1 Qg5 42. Rf7 Qc1+ 43. Kh2 Rh5+ 44. Kg3 Qg5+ 45. Kf3 Qd5+ 46. Ke2 Re5+ 47. Qxe5 Qxe5+ 48. Kf3 Qc3+ 49. Kg4 Qc4+ 50. Kh3 Qxf7 51. f4 b3 52. g4 b2 53. f5 b1Q 54. g5 Qxf5+ 55. Kh4 fxg5+ 56. Kg3 Qb3+ 57. Kg2 Qfc2+ 58. Kh1 Qbb1# 0-1

[Event "Titled Tuesday intern op 02nd May Late"]
[Site "Chess.com INT"]
[Date "2023.05.02"]
[Round "5"]
[White "Napoli, Nicolo"]
[Black "Kochiev, Ivan"]
[Result "0-1"]
[WhiteElo "2231"]
[BlackElo "2053"]
[PlyCount "90"]
[EventDate "2023.05.02"]
[EventType "swiss (blitz)"]
[EventRounds "11"]
[EventCountry "USA"]
[SourceTitle "EXT 2024"]
[Source "ChessBase"]
[SourceDate "2023.10.10"]
[SourceVersion "1"]
[SourceVersionDate "2023.10.10"]
[SourceQuality "1"]

1. e4 c5 2. Nf3 d6 3. Nc3 Nf6 4. e5 dxe5 5. Nxe5 e6 6. Bb5+ Nbd7 7. d4 a6 8. Bxd7+ Nxd7 9. 0-0 Be7 10. Nxd7 Bxd7 11. d5 0-0 12. Be3 b6 13. a4 Rc8 14. Qe2 c4 15. Rfd1 Qc7 16. Qf3 Rfd8 17. Bf4 Bd6 18. dxe6 Bxe6 19. Rxd6 Rxd6 20. Ne4 Bd5 21. Bxd6 Bxe4 22. Qg3 Qc6 23. Be5 f6 24. Bc3 Bxc2 25. Re1 Bg6 26. h4 Re8 27. Rd1 Qxa4 28. Rd6 Qb5 29. Bd4 Qb3 30. Bxf6 Qxg3 31. fxg3 gxf6 32. Rxb6 a5 33. Rb5 Ra8 34. Rc5 Bd3 35. Rc6 Kf7 36. Kf2 Rb8 37. Ke3 Rxb2 38. g4 Rxg2 39. Kf4 a4 40. Rc7+ Kg6 41. h5+ Kh6 42. Rf7 Rf2+ 43. Kg3 Rf1 44. Rxf6+ Rxf6 45. Kh4 Rf4 0-1

[Event "Titled Tuesday intern op 02nd May Early"]
[Site "Chess.com INT"]
[Date "2023.05.02"]
[Round "3"]
[White "Napoli, Nicolo"]
[Black "Mortazavi, Ali"]
[Result "0-1"]
[WhiteElo "2231"]
[BlackElo "2333"]
[PlyCount "72"]
[EventDate "2023.05.02"]
[EventType "swiss (blitz)"]
[EventRounds "11"]
[EventCountry "USA"]
[SourceTitle "EXT 2024"]
[Source "ChessBase"]
[SourceDate "2023.10.10"]
[SourceVersion "1"]
[SourceVersionDate "2023.10.10"]
[SourceQuality "1"]

1. e4 c6 2. d4 d5 3. Nc3 dxe4 4. Nxe4 Nf6 5. Nxf6+ exf6 6. c3 Bd6 7. Bd3 0-0 8. Ne2 Re8 9. Qc2 h5 10. 0-0 h4 11. Nf4 Qc7 12. g3 Nd7 13. Qd1 hxg3 14. hxg3 Nf8 15. Qh5 Qd7 16. Kg2 Qg4 17. Qxg4 Bxg4 18. f3 Bd7 19. Bd2 Rad8 20. Rae1 Bxf4 21. Bxf4 Be6 22. g4 Bxa2 23. Rxe8 Rxe8 24. Ra1 Bd5 25. Rxa7 b5 26. Kf2 g5 27. Bd6 Ng6 28. Bxg6 fxg6 29. Be7 Kf7 30. Bd8+ Ke6 31. Bb6 f5 32. gxf5+ gxf5 33. Bc5 Rh8 34. Kg3 Rh4 35. Re7+ Kf6 36. Re5 f4+ 0-1

[Event "Titled Tuesday intern op 02nd May Late"]
[Site "Chess.com INT"]
[Date "2023.05.02"]
[Round "4"]
[White "Santos Flores, Alberto Javier"]
[Black "Napoli, Nicolo"]
[Result "1-0"]
[WhiteElo "2164"]
[BlackElo "2231"]
[PlyCount "61"]
[EventDate "2023.05.02"]
[EventType "swiss (blitz)"]
[EventRounds "11"]
[EventCountry "USA"]
[SourceTitle "EXT 2024"]
[Source "ChessBase"]
[SourceDate "2023.10.10"]
[SourceVersion "1"]
[SourceVersionDate "2023.10.10"]
[SourceQuality "1"]

1. e4 c5 2. Nf3 d6 3. Bb5+ Nd7 4. d4 a6 5. Bxd7+ Qxd7 6. Nc3 cxd4 7. Qxd4 Nf6 8. Bg5 b5 9. 0-0-0 e5 10. Qd3 Bb7 11. Bxf6 gxf6 12. Nd5 Bxd5 13. Qxd5 Rc8 14. Kb1 Qe6 15. Nh4 Qxd5 16. Rxd5 Rg8 17. g3 Kd7 18. Nf5 Ke6 19. Rhd1 Rc6 20. f3 h5 21. a4 bxa4 22. Ra5 Be7 23. Rxa4 Rgc8 24. c3 Rb6 25. Kc2 Rc5 26. Rda1 Rcb5 27. b4 Bf8 28. Rxa6 d5 29. Rxb6+ Rxb6 30. Ra8 dxe4 31. fxe4 1-0

[Event "Titled Tuesday intern op 18th Apr Late"]
[Site "Chess.com INT"]
[Date "2023.04.18"]
[Round "2"]
[White "Averjanov, Alexey"]
[Black "Napoli, Nicolo"]
[Result "1-0"]
[WhiteElo "2399"]
[BlackElo "2231"]
[PlyCount "119"]
[EventDate "2023.04.18"]
[EventType "swiss (blitz)"]
[EventRounds "11"]
[EventCountry "USA"]
[SourceTitle "EXT 2024"]
[Source "ChessBase"]
[SourceDate "2023.10.10"]
[SourceVersion "1"]
[SourceVersionDate "2023.10.10"]
[SourceQuality "1"]

1. d4 g6 2. c4 Bg7 3. Nf3 d6 4. g3 Nc6 5. Bg2 e5 6. d5 Nce7 7. e4 f5 8. Nc3 Nf6 9. exf5 Bxf5 10. Ng5 0-0 11. 0-0 Qd7 12. Qe2 h6 13. Nge4 Bh3 14. Bd2 Bxg2 15. Kxg2 Kh7 16. Rae1 Rf7 17. f4 Nxe4 18. Nxe4 Raf8 19. b3 Nf5 20. fxe5 Bxe5 21. Qd3 Nd4 22. Rxf7+ Qxf7 23. Rf1 Qxf1+ 24. Qxf1 Rxf1 25. Kxf1 Nf3 26. Be3 b6 27. h3 Nd4 28. Kf2 Nf5 29. Bd2 Kg7 30. g4 Bd4+ 31. Kf3 Nh4+ 32. Kg3 g5 33. Nc3 a6 34. Ne2 Be5+ 35. Kf2 Ng6 36. Be3 Kf6 37. Kf3 Nh4+ 38. Ke4 Ng6 39. Nd4 Bxd4 40. Bxd4+ Kf7 41. b4 Ne7 42. a4 Ng6 43. c5 bxc5 44. bxc5 Nf4 45. h4 Ng6 46. h5 Nf4 47. c6 Ne2 48. Bb6 Nc3+ 49. Kd4 Nxa4 50. Bxc7 Ke7 51. Ba5 Nc5 52. Bb4 Na4 53. Ke4 Nb6 54. Ba5 Nc4 55. Bc3 a5 56. Bg7 a4 57. Bxh6 Kf6 58. c7 Nb6 59. Kd3 a3 60. Kc2 1-0

[Event "Titled Tuesday intern op 28th Mar Late"]
[Site "Chess.com INT"]
[Date "2023.03.28"]
[Round "8"]
[White "Jocev, Milan"]
[Black "Napoli, Nicolo"]
[Result "1-0"]
[WhiteElo "2315"]
[BlackElo "2231"]
[PlyCount "87"]
[EventDate "2023.03.28"]
[EventType "swiss (blitz)"]
[EventRounds "11"]
[EventCountry "USA"]
[SourceTitle "EXT 2024"]
[Source "ChessBase"]
[SourceDate "2023.10.10"]
[SourceVersion "1"]
[SourceVersionDate "2023.10.10"]
[SourceQuality "1"]

1. c4 e5 2. Nc3 Nf6 3. g3 Bb4 4. Bg2 0-0 5. d3 c6 6. a3 Be7 7. Nf3 d6 8. 0-0 Bf5 9. e4 Bg4 10. h3 Bh5 11. b4 a5 12. Be3 Nbd7 13. Qb3 Qc7 14. Rfb1 axb4 15. axb4 Rfb8 16. b5 Nf8 17. b6 Qd7 18. Ra7 Bxf3 19. Bxf3 Qxh3 20. Qa4 Qc8 21. Ra1 Rxa7 22. bxa7 Ra8 23. Qa5 h5 24. Na4 N8d7 25. Nb6 Nxb6 26. Qxb6 Bd8 27. Qb4 Bc7 28. c5 d5 29. exd5 Nxd5 30. Bxd5 cxd5 31. Qb5 h4 32. c6 bxc6 33. Qxc6 hxg3 34. fxg3 d4 35. Bf2 Qd8 36. Qb7 g6 37. Rc1 Bb6 38. Ra1 Kg7 39. Ra6 Bc7 40. Rc6 Ba5 41. Rd6 Qc7 42. Qxa8 Qxd6 43. Qg2 e4 44. Qxe4 1-0

[Event "Titled Tuesday intern op 28th Mar Early"]
[Site "Chess.com INT"]
[Date "2023.03.28"]
[Round "2"]
[White "Miszler, Levente"]
[Black "Napoli, Nicolo"]
[Result "1-0"]
[WhiteElo "2260"]
[BlackElo "2231"]
[PlyCount "137"]
[EventDate "2023.03.28"]
[EventType "swiss (blitz)"]
[EventRounds "11"]
[EventCountry "USA"]
[SourceTitle "EXT 2024"]
[Source "ChessBase"]
[SourceDate "2023.10.10"]
[SourceVersion "1"]
[SourceVersionDate "2023.10.10"]
[SourceQuality "1"]

1. Nf3 c6 2. c4 d5 3. g3 Nf6 4. Bg2 g6 5. 0-0 Bg7 6. d4 0-0 7. cxd5 cxd5 8. Nc3 Bf5 9. Ne5 Nc6 10. Re1 Qb6 11. Nxc6 bxc6 12. Na4 Qa5 13. Nc5 Nd7 14. Bd2 Qb6 15. Nxd7 Bxd7 16. Bc3 Rac8 17. e4 e6 18. h4 c5 19. dxc5 Rxc5 20. Bxg7 Kxg7 21. exd5 Qxb2 22. Rb1 Qf6 23. dxe6 Bxe6 24. Qa4 a5 25. Re2 Rfc8 26. Rbe1 Rc1 27. Qxa5 Rxe1+ 28. Qxe1 Qd4 29. Qd2 Qa4 30. h5 gxh5 31. Qg5+ Kf8 32. Rxe6 fxe6 33. Qf6+ Ke8 34. Qxe6+ Kd8 35. Bh3 Rc1+ 36. Kh2 Qd1 37. Qb6+ Ke7 38. Qb7+ Kf6 39. Qb6+ Ke5 40. Bg2 Qg1+ 41. Kh3 Qd1 42. Qe3+ Kd6 43. Qh6+ Kc5 44. Qc6+ Kb4 45. Qb6+ Kc3 46. Qc5+ Kd2 47. Qd4+ Ke1 48. Qe3+ Qe2 49. Qxc1+ Kxf2 50. Qf4+ Ke1 51. Qf3 Qxa2 52. Qxh5 Qe6+ 53. Kh2 Qe3 54. Qxh7 Kf2 55. Qh4 Qe1 56. Qf4+ Ke2 57. Qe4+ Kd2 58. Qxe1+ Kxe1 59. g4 Kf2 60. g5 Ke3 61. g6 Kd2 62. g7 Ke1 63. g8Q Kd1 64. Qd5+ Kc1 65. Qd3 Kb2 66. Kg3 Ka1 67. Qd2 Kb1 68. Bd5 Ka1 69. Qa2# 1-0

[Event "Cappelle op 39th"]
[Site "Cappelle la Grande"]
[Date "2023.02.19"]
[Round "2"]
[White "Napoli, Nicolo"]
[Black "Zwirs, Nico"]
[Result "0-1"]
[WhiteElo "2238"]
[BlackElo "2460"]
[PlyCount "38"]
[EventDate "2023.02.18"]
[EventType "swiss"]
[EventRounds "9"]
[EventCountry "FRA"]
[SourceTitle "CBM 213 Extra"]
[Source "ChessBase"]
[SourceDate "2023.05.31"]
[SourceVersion "1"]
[SourceVersionDate "2023.05.31"]
[SourceQuality "1"]

1. e4 c5 2. Nf3 d6 3. Nc3 Nf6 4. e5 dxe5 5. Nxe5 Nbd7 6. d4 e6 7. Bg5 cxd4 8. Qxd4 Bc5 9. Qa4 h6 10. Bh4 0-0 11. 0-0-0 Qc7 12. Nxd7 Bxd7 13. Bb5 Bxb5 14. Nxb5 Qe5 15. Rhe1 Qf5 16. Rd3 a6 17. Nd6 Bxd6 18. Rxd6 b5 19. Qd4 Rac8 0-1

[Event "POR-chT"]
[Site "Ovar"]
[Date "2022.07.19"]
[Round "6.2"]
[White "Dardha, Daniel"]
[Black "Napoli, Nicolo"]
[Result "1/2-1/2"]
[WhiteElo "2575"]
[BlackElo "2260"]
[PlyCount "77"]
[EventDate "2022.07.16"]
[EventType "team-tourn"]
[EventRounds "9"]
[EventCountry "POR"]
[SourceTitle "CBM 209 Extra"]
[Source "ChessBase"]
[SourceDate "2022.09.30"]
[SourceVersion "1"]
[SourceVersionDate "2022.09.30"]
[SourceQuality "1"]
[WhiteTeam "EPGaia"]
[BlackTeam "Sao Miguel"]
[WhiteTeamCountry "POR"]
[BlackTeamCountry "POR"]

1. d4 Nf6 2. c4 e6 3. Nc3 Bb4 4. f3 c5 5. d5 b5 6. e4 bxc4 7. Bxc4 Ba6 8. Bxa6 Nxa6 9. e5 exd5 10. exf6 0-0 11. Nh3 d4 12. a3 Re8+ 13. Kf1 dxc3 14. axb4 Qxf6 15. Bg5 Qb6 16. bxc3 cxb4 17. cxb4 Nxb4 18. g4 Qb5+ 19. Kg2 Re2+ 20. Kg3 h6 21. Bd2 g5 22. Ra5 Qb8+ 23. f4 Re4 24. Nxg5 hxg5 25. Rxg5+ Kf8 26. Re1 Rd4 27. Qc1 Qd6 28. Be3 Rd3 29. Kg2 Rxe3 30. Rxe3 Nd3 31. Qc3 Nxf4+ 32. Kf3 Ne6 33. Rf5 Rb8 34. Qh8+ Ke7 35. Qf6+ Ke8 36. Qxf7+ Kd8 37. Qf6+ Ke8 38. Qf7+ Kd8 39. Qf6+ 1/2-1/2

[Event "POR-chT"]
[Site "Ovar"]
[Date "2022.07.18"]
[Round "4.1"]
[White "Polaczek, Richard"]
[Black "Napoli, Nicolo"]
[Result "0-1"]
[WhiteElo "2352"]
[BlackElo "2260"]
[PlyCount "68"]
[EventDate "2022.07.16"]
[EventType "team-tourn"]
[EventRounds "9"]
[EventCountry "POR"]
[SourceTitle "CBM 209 Extra"]
[Source "ChessBase"]
[SourceDate "2022.09.30"]
[SourceVersion "1"]
[SourceVersionDate "2022.09.30"]
[SourceQuality "1"]
[WhiteTeam "Montemor o Velho"]
[BlackTeam "Sao Miguel"]
[WhiteTeamCountry "POR"]
[BlackTeamCountry "POR"]

1. d4 Nf6 2. Bg5 e6 3. e4 h6 4. Bxf6 Qxf6 5. c3 d6 6. Bd3 g6 7. Ne2 Bg7 8. 0-0 e5 9. Na3 0-0 10. Nc2 exd4 11. cxd4 c5 12. b3 Nc6 13. d5 Nb4 14. a3 Nxd3 15. Qxd3 Bd7 16. Ra2 b5 17. Ne3 Rfe8 18. f4 Qe7 19. e5 dxe5 20. d6 e4 21. Qd1 Qd8 22. f5 c4 23. fxg6 fxg6 24. Nd5 Rf8 25. Rxf8+ Qxf8 26. Ne7+ Kh7 27. bxc4 bxc4 28. Ng3 Qf4 29. Nd5 Qe5 30. Ne3 Qc5 31. Ngf1 c3 32. Rf2 Rf8 33. Rxf8 Bxf8 34. Qb3 Bg7 0-1

[Event "POR-chT"]
[Site "Ovar"]
[Date "2022.07.17"]
[Round "2.2"]
[White "Can, Emre"]
[Black "Napoli, Nicolo"]
[Result "1-0"]
[WhiteElo "2606"]
[BlackElo "2260"]
[PlyCount "51"]
[EventDate "2022.07.16"]
[EventType "team-tourn"]
[EventRounds "9"]
[EventCountry "POR"]
[SourceTitle "CBM 209 Extra"]
[Source "ChessBase"]
[SourceDate "2022.09.30"]
[SourceVersion "1"]
[SourceVersionDate "2022.09.30"]
[SourceQuality "1"]
[WhiteTeam "Gaia"]
[BlackTeam "Sao Miguel"]
[WhiteTeamCountry "POR"]
[BlackTeamCountry "POR"]

1. e4 c6 2. d4 d5 3. e5 c5 4. dxc5 e6 5. Bd3 Qc7 6. Nf3 Nc6 7. Nc3 Bxc5 8. Nb5 Qd8 9. 0-0 Nge7 10. Be3 Bxe3 11. Nd6+ Kf8 12. fxe3 f5 13. c4 Nxe5 14. Nxc8 Nxf3+ 15. Qxf3 Rxc8 16. cxd5 Qxd5 17. e4 Qd4+ 18. Kh1 g6 19. exf5 gxf5 20. Rae1 Rc6 21. g4 Rg8 22. gxf5 exf5 23. Bxf5 Rf6 24. Qxb7 Qd6 25. Qe4 Ke8 26. Be6 1-0

[Event "Elgoibar 30th"]
[Site "Elgoibar"]
[Date "2021.12.20"]
[Round "9"]
[White "Napoli, Nicolo"]
[Black "Martinez Fernandez, Adrian"]
[Result "1/2-1/2"]
[WhiteElo "2307"]
[BlackElo "2335"]
[PlyCount "30"]
[EventDate "2021.12.14"]
[EventType "tourn"]
[EventRounds "9"]
[EventCountry "ESP"]
[EventCategory "5"]
[SourceTitle "CBM 206 Extra"]
[Source "ChessBase"]
[SourceDate "2022.03.31"]
[SourceVersion "1"]
[SourceVersionDate "2022.03.31"]
[SourceQuality "1"]

1. Nf3 Nf6 2. e3 g6 3. c4 Bg7 4. Nc3 0-0 5. Be2 c5 6. 0-0 Nc6 7. a3 b6 8. Rb1 Bb7 9. b4 cxb4 10. axb4 d5 11. d3 dxc4 12. dxc4 Qxd1 13. Rxd1 Rad8 14. Ba3 Rxd1+ 15. Rxd1 Re8 1/2-1/2

[Event "Elgoibar 30th"]
[Site "Elgoibar"]
[Date "2021.12.17"]
[Round "5"]
[White "Napoli, Nicolo"]
[Black "Beerdsen, Thomas"]
[Result "0-1"]
[WhiteElo "2307"]
[BlackElo "2489"]
[PlyCount "90"]
[EventDate "2021.12.14"]
[EventType "tourn"]
[EventRounds "9"]
[EventCountry "ESP"]
[EventCategory "5"]
[SourceTitle "CBM 206 Extra"]
[Source "ChessBase"]
[SourceDate "2022.03.31"]
[SourceVersion "1"]
[SourceVersionDate "2022.03.31"]
[SourceQuality "1"]

1. e4 c5 2. c3 Nf6 3. e5 Nd5 4. d4 cxd4 5. Qxd4 e6 6. Nf3 Nc6 7. Qe4 d6 8. Bb5 Bd7 9. c4 Nb6 10. exd6 Bxd6 11. 0-0 a6 12. Bg5 Qc7 13. Nc3 axb5 14. Nxb5 Qb8 15. Rfd1 Bc5 16. Be3 f5 17. Qd3 Ne5 18. Qc3 Bxb5 19. Bxc5 Nbxc4 20. b3 Nxf3+ 21. gxf3 Qe5 22. Bd4 Qf4 23. bxc4 Qg5+ 24. Kh1 Bc6 25. Rd3 0-0-0 26. Qa3 Qf4 27. Qa8+ Qb8 28. Qa3 Qf4 29. Qa8+ Qb8 30. Qxb8+ Kxb8 31. Be5+ Kc8 32. Ra3 Rhg8 33. Kg2 Kd7 34. Kg3 Ke7 35. h4 Kf7 36. h5 Rd2 37. Rc3 g5 38. a4 Re2 39. Bd6 e5 40. Bc5 f4+ 41. Kh2 e4 42. a5 e3 43. Rf1 g4 44. fxg4 Rxg4 45. Kh3 Rg5 0-1

[Event "Elgoibar 30th"]
[Site "Elgoibar"]
[Date "2021.12.15"]
[Round "3"]
[White "Napoli, Nicolo"]
[Black "Larino Nieto, David"]
[Result "1/2-1/2"]
[WhiteElo "2307"]
[BlackElo "2454"]
[PlyCount "21"]
[EventDate "2021.12.14"]
[EventType "tourn"]
[EventRounds "9"]
[EventCountry "ESP"]
[EventCategory "5"]
[SourceTitle "CBM 206 Extra"]
[Source "ChessBase"]
[SourceDate "2022.03.31"]
[SourceVersion "1"]
[SourceVersionDate "2022.03.31"]
[SourceQuality "1"]

1. d4 d5 2. c4 c6 3. Nf3 Nf6 4. Nc3 e6 5. e3 Bd6 6. Qc2 Nbd7 7. Be2 0-0 8. 0-0 dxc4 9. Bxc4 e5 10. dxe5 Nxe5 11. Nxe5 1/2-1/2

[Event "Ibiza Eivissa op"]
[Site "Eivissa"]
[Date "2021.09.07"]
[Round "3"]
[White "Napoli, Nicolo"]
[Black "Cuenca Jimenez, Jose Fernando"]
[Result "0-1"]
[WhiteElo "2303"]
[BlackElo "2555"]
[PlyCount "94"]
[EventDate "2021.09.06"]
[EventType "tourn"]
[EventRounds "9"]
[EventCountry "ESP"]
[EventCategory "7"]
[SourceTitle "CBM 204 Extra"]
[Source "ChessBase"]
[SourceDate "2021.11.30"]
[SourceVersion "1"]
[SourceVersionDate "2021.11.30"]
[SourceQuality "1"]

1. d4 Nf6 2. c4 e6 3. Nf3 d5 4. g3 Bb4+ 5. Bd2 Be7 6. Bg2 0-0 7. Qc2 c6 8. 0-0 Ne4 9. Bf4 Nd7 10. Nc3 g5 11. Be3 Nd6 12. cxd5 exd5 13. Qc1 f6 14. h4 Nc4 15. Bh3 Nxe3 16. Qxe3 Nb6 17. Bxc8 Rxc8 18. Kg2 gxh4 19. Rh1 f5 20. Nxh4 Bxh4 21. Rxh4 Rc7 22. Qe6+ Kh8 23. Qe5+ Rg7 24. Rah1 Rf6 25. b3 Nd7 26. Qf4 Nf8 27. Qf3 Ng6 28. Rh5 f4 29. g4 Rff7 30. Kf1 Qd7 31. Na4 Nf8 32. R1h4 Ne6 33. Qd3 Qe7 34. Qc3 Qf6 35. Rh6 Rg6 36. Qh3 Ng5 37. Rxg6 Qxg6 38. Qc3 f3 39. e3 Qb1+ 40. Qe1 Qd3+ 41. Kg1 Ne4 42. Nc5 Qe2 43. Qf1 Nd2 44. Qa1 Re7 45. Rh2 b6 46. Na4 Rg7 47. Rh4 Ne4 0-1

[Event "Merida World Heritage op 1st"]
[Site "Merida"]
[Date "2021.08.07"]
[Round "7"]
[White "Tejedor Fuente, Enrique"]
[Black "Napoli, Nicolo"]
[Result "1/2-1/2"]
[WhiteElo "2434"]
[BlackElo "2312"]
[PlyCount "122"]
[EventDate "2021.08.04"]
[EventType "swiss"]
[EventRounds "9"]
[EventCountry "ESP"]
[SourceTitle "CBM 203 Extra"]
[Source "ChessBase"]
[SourceDate "2021.09.30"]
[SourceVersion "1"]
[SourceVersionDate "2021.09.30"]
[SourceQuality "1"]

1. Nf3 d5 2. g3 c6 3. Bg2 Bg4 4. d3 Nd7 5. 0-0 Ngf6 6. c4 dxc4 7. dxc4 Bxf3 8. exf3 e6 9. Nc3 Be7 10. f4 Nc5 11. Qf3 Qd3 12. Be3 0-0 13. Rfd1 Qg6 14. b4 Na6 15. a3 Ng4 16. Rd7 Bf6 17. Rc1 Rad8 18. Rxb7 Rd3 19. Nd1 Bd4 20. Qe4 Nxe3 21. Qxg6 hxg6 22. fxe3 Rxe3 23. Kf1 Rxa3 24. Bxc6 Rb3 25. Bb5 Nb8 26. Ba4 Ra3 27. Bc2 Rc8 28. Be4 Nc6 29. Rd7 e5 30. b5 Nb4 31. fxe5 Bxe5 32. c5 Ra5 33. Bb7 Rc7 34. Rxc7 Bxc7 35. Nc3 Nd3 36. Nd5 Nxc1 37. Nxc7 Nb3 38. c6 Nd4 39. Kf2 Ra3 40. Ba6 Kf8 41. h4 f5 42. Bb7 Rc3 43. Ke1 Rxg3 44. Kd2 f4 45. Nd5 Nxb5 46. c7 Nxc7 47. Nxc7 Rg4 48. Ke2 Rxh4 49. Kf3 g5 50. Ne6+ Ke7 51. Nxg5 Kf6 52. Ne4+ Ke5 53. Nf2 g5 54. Ba6 Kd4 55. Bb5 a5 56. Ba4 Rh2 57. Be8 Rxf2+ 58. Kxf2 g4 59. Bd7 g3+ 60. Kf3 Kc3 61. Bc6 Kc4 1/2-1/2